01413nam a2200373 i 4500001000700000003000800007005001700015006001900032007001500051008004100066017002600107020002800133035002200161040003100183050002200214080000700236082001200243100003900255245009400294264004800388300004100436336003100477337003300508338004300541500002200584504004200606588008300648590016200731650001900893655002700912797001800939856006300957999001901020149891FINmELB20241217182439.0m o d | cr cnu||||||||231226s2023 sp ob 001 0 spa d aM-7584-2023bEspaña a9788413527147q(e-book) a(OCoLC)1410391729 aFINmELBbspaerdacFINmELB 4aQA40.5bI121 2023 a5104a5132231 aIbáñez Torres, Raúl,eautor.14aLas matemáticas como herramienta de creación artística /cRaúl Ibáñez Torres. 1aMadrid :bLos Libros de la Catarata,c2023. a1 recurso en línea (147 páginas) atextobtxt2rdacontent/spa acomputadorabc2rdamedia/spa arecurso en líneabcr2rdacarrier/spa aIncluye índice. aIncluye referencias bibliográficas. aDescripción basada en metadatos suministrados por el editor y otras fuentes. aRecurso electrónico. Santa Fe, Arg.: elibro, 2024. Disponible vía World Wide Web. El acceso puede estar limitado para las bibliotecas afiliadas a elibro. 4aMatemáticas. 4aLibros electrónicos.2 aelibro, Corp.40uhttps://elibro.net/ereader/politecnicointernacional/246698 c149891d149891